Statistics for NHL Teams by Clue

Click here to take the quiz!

General Stats

  • This quiz has been taken 2,526 times
    (332 since last reset)
  • The average score is 26 of 32

Answer Stats

HintAnswer% Correct
Long IslandIslanders
97%
On the Canadian flagMaple Leafs
96%
Opposite of angelsDevils
96%
Antarctica birdPenguins
91%
A citizen of Canada, French spellingCanadiens
91%
Burning fireFlames
89%
Atlantic tropical stormsHurricanes
88%
Brown BearBruins
87%
AircraftsJets
86%
Thunder and ....Lightning
86%
Cephalopod looking sea monsterKraken
85%
Patrols parksRangers
84%
Location of the governmentCapitals
84%
Catches preyPredators
83%
Not tameWild
83%
Gilded medieval warriorsGolden Knights
81%
SwordsSabres
81%
Colour and music genreBlues
81%
CougarPanthers
80%
Falling snow in the mountainsAvalanche
79%
Slang for CanadianCanucks
79%
Male MonarchsKings
79%
Predator fishSharks
77%
MallardDucks
77%
Either a WWI battalion or a Native American warriorBlackhawks
75%
Upper House of the Legislature (not elected in Canada)Senators
72%
Luminous sphere in the night skyStars
71%
Rides a planeFlyers
71%
Black gold found in Texas and AlbertaOilers
70%
Wile E. vs RoadrunnerCoyotes
64%
Scarlet extremity used for flightRed Wings
58%
Civil War soldier from the NorthBlue Jackets
52%

Score Distribution

Percentile by Number Answered

Percent of People with Each Score

Your Score History

You have not taken this quiz since the last reset